Online
Catalog

Historia de la ética / (Record no. 22420)

MARC details
000 -CABECERA
campo de control de longitud fija 00979nam a2200265 a 4500
001 - NÚMERO DE CONTROL
campo de control 000022923
003 - IDENTIFICADOR DEL NÚMERO DE CONTROL
campo de control DO-SdBNP
005 - FECHA Y HORA DE LA ÚLTIMA TRANSACCIÓN
campo de control 20230526111636.0
008 - DATOS DE LONGITUD FIJA--INFORMACIÓN GENERAL
campo de control de longitud fija 101123s1988 sp 001 0 spa d
020 ## - NÚMERO INTERNACIONAL ESTÁNDAR DEL LIBRO
Número Internacional Estándar del Libro 8474233364
040 ## - FUENTE DE LA CATALOGACIÓN
Centro catalogador/agencia de origen DO-SdBNP
Lengua de catalogación spa
Centro/agencia transcriptor BNPHU
049 ## - FONDOS LOCALES (OCLC)
Fondos de biblioteca BNGR
082 ## - NÚMERO DE LA CLASIFICACIÓN DECIMAL DEWEY
Número de clasificación 170.9
Número de documento/Ítem H673
245 00 - MENCIÓN DE TÍTULO
Título Historia de la ética /
Mención de responsabilidad, etc. Edición de Victoria Camps.
260 ## - PUBLICACIÓN, DISTRIBUCIÓN, ETC.
Lugar de publicación, distribución, etc. Barcelona :
Nombre del editor, distribuidor, etc. Crítica,
Fecha de publicación, distribución, etc. 1988.
300 ## - DESCRIPCIÓN FÍSICA
Extensión v. ;
Dimensiones 21 cm.
490 1# - MENCIÓN DE SERIE
Mención de serie Crítica/Filosofía
500 ## - NOTA GENERAL
Nota general La biblioteca posee los volúmenes 1 y 3.
505 0# - NOTA DE CONTENIDO CON FORMATO
Información miscelánea v.1.
Título De los griegos al renacimiento /
Mención de responsabilidad Saturnino Álvarez Turienzo,
-- José Luis L. Aranguren,
-- Manuel Fernández-Galiano... [et al.]. --
Información miscelánea v.2.
Título La ética moderna --
Información miscelánea v.3.
Título La ética contemporánea /
Mención de responsabilidad Celia Amorós, Gabriel Bello, Enrique Bonete... [et al.].
650 #4 - PUNTO DE ACCESO ADICIONAL DE MATERIA--TÉRMINO DE MATERIA
Término de materia o nombre geográfico como elemento de entrada Ética
Subdivisión general Historia
9 (RLIN) 18643
700 1# - PUNTO DE ACCESO ADICIONAL--NOMBRE DE PERSONA
Nombre de persona Camps, Victoria,
Término indicativo de función/relación ed.
9 (RLIN) 15732
830 #0 - PUNTO DE ACCESO ADICIONAL DE SERIE-TÍTULO UNIFORME
Título uniforme Crítica/Filosofía
9 (RLIN) 47130
910 ## - DATOS DE OPCIÓN DEL USUARIO (OCLC)
Datos de opción del usuario WM
942 ## - ELEMENTOS DE PUNTO DE ACCESO ADICIONAL (KOHA)
Fuente del sistema de clasificación o colocación Dewey Decimal Classification
Tipo de ítem Koha Libro
Holdings
Estado de retiro Estado de pérdida Restricciones de uso No para préstamo Código de colección Localización permanente Ubicación/localización actual Ubicación en estantería Fecha de adquisición Número de inventario Total de préstamos Signatura topográfica completa Código de barras Fecha visto por última vez Precio válido a partir de Tipo de ítem Koha
        Monografías: Libros y Folletos General General Depósito 23.11.2010 LF1   170.9 H673 | v.1 22923-10 25.06.2020 25.06.2020 Préstamo en sala
        Monografías: Libros y Folletos General General Depósito 23.11.2010 LF1   170.9 H673 | v.3 22923-20 25.06.2020 25.06.2020 Préstamo en sala

Powered by Koha